Γραμμικός προγραμματισμός : αλγόριθμοι και εφαρμογές

Αποθηκεύτηκε σε:
Λεπτομέρειες βιβλιογραφικής εγγραφής
Κύριος συγγραφέας: Παπαρρίζος, Κωνσταντίνος Ι.
Μορφή: Βιβλίο
Γλώσσα:Greek
Δημοσίευση: Θεσσαλονικη : Ζυγός, 1999
Θέματα:
Ετικέτες: Προσθήκη ετικέτας
Δεν υπάρχουν, Καταχωρήστε ετικέτα πρώτοι!

MARC

LEADER 00000cam a2200000 i 4500
001 1/9770
008 100726s1999 gre d
020 |a 960-8065-13-5 
035 |l 10108768 
040 |a GR-MY-UA  |b gre  |e aacr 
041 0 |a gre 
082 0 |a 519.72  |2 (22) 
100 1 |a Παπαρρίζος, Κωνσταντίνος Ι. 
245 1 0 |a Γραμμικός προγραμματισμός :  |b αλγόριθμοι και εφαρμογές /  |c Κωνσταντίνος Ι. Παπαρρίζος 
260 |a Θεσσαλονικη :   |b Ζυγός,   |c 1999 
300 |a π. 560 σ.;  |b εικ.;  |c 24 εκ. 
650 0 0 |a Linear programming. 
650 0 0 |a Linear Programming  |x Data Processing. 
650 0 0 |a Algorithms. 
852 |a INST  |b SAMOS  |e 20100726  |h 519.72 ΠΑΠ  |p 005300031401  |q 005300031401  |t BK  |y 0 
852 |a INST  |b SAMOS  |e 20100726  |h 519.72 ΠΑΠ  |p 005300031402  |q 005300031402  |t BK  |y 23 
901 |a BIBL3-2010-2 
909 |a Σ  |b 165948 
909 |a Σ  |b 165949 
970 |a ΣΙΤΖΙΜΗ  |b ΓΙΑΣΕΜΗ  |z 2010/07/26